000 00663nam a2200265Ia 4500
003 OSt
005 20221007095900.0
006 a|||||r|||| 00| 0
007 ta
008 221006b |||||||| |||| 00| 0 eng d
020 _a0198763816
024 _a3,161
037 _cTextual
040 _aLCO
_cLCO
_beng
041 _2eng
_aeng
082 _aZ1, N5
100 _aBrownlie I. Ed.
245 0 _aBasic Documents in International Law
250 _a4th
260 _aNew
_bYork Clarendon Press U.S.A.
_c1995
300 _a474
650 _aINTERNATIONAL LAW
942 _hZ1, N5
_cTEXL
999 _c1172724
_d1172724